All 50 US States by Coronavirus Cases and Deaths - Extreme - Statistics

General Stats
  • This quiz has been taken 80 times
  • The average score is 34 of 50
Answer Stats
Cases Deaths State % Correct
2.76 m 30.4 k California
100%
1.49 m 23.1 k Florida
100%
2.00 m 30.8 k Texas
100%
1.18 m 39.8 k New York
98%
764 k 11.5 k Georgia
88%
1.03 m 19.4 k Illinois
88%
785 k 9.70 k Ohio
88%
657 k 7.87 k Tennessee
81%
590 k 19.9 k New Jersey
79%
732 k 17.9 k Pennsylvania
79%
568 k 14.2 k Michigan
77%
567 k 9.02 k Indiana
74%
629 k 7.56 k North Carolina
74%
628 k 10.1 k Arizona
72%
404 k 5.35 k Alabama
70%
48.8 k 223 Alaska
70%
438 k 5.78 k Minnesota
70%
403 k 5.39 k Virginia
70%
363 k 5.21 k Colorado
67%
23.5 k 309 Hawaii
67%
437 k 13.2 k Massachusetts
67%
457 k 6.50 k Missouri
67%
9.08 k 156 Vermont
67%
348 k 7.92 k Louisiana
65%
94.8 k 1.35 k North Dakota
65%
280 k 3.84 k Washington
65%
52.3 k 869 New Hampshire
63%
127 k 1.61 k Oregon
63%
508 k 5.16 k Wisconsin
63%
65.8 k 986 Delaware
60%
150 k 1.54 k Idaho
60%
29.6 k 438 Maine
60%
86.7 k 1.06 k Montana
60%
157 k 2.76 k New Mexico
60%
101 k 1.95 k Rhode Island
60%
103 k 1,585 South Dakota
60%
297 k 4.14 k Iowa
58%
249.7 k 3.26 k Kansas
58%
250.2 k 3.50 k Nevada
58%
102 k 1,594 West Virginia
58%
47.4 k 489 Wyoming
58%
256 k 4.08 k Arkansas
56%
213 k 6.42 k Connecticut
56%
240 k 5.19 k Mississippi
56%
335 k 2.78 k Oklahoma
56%
307 k 1.40 k Utah
56%
310 k 6.30 k Maryland
53%
358 k 5.83 k South Carolina
53%
306 k 2.92 k Kentucky
49%
177 k 1.77 k Nebraska
49%
No matching quizzes found
Score Distribution
Percent of People with Each Score
Percentile by Number Answered
Your Score History
You have not taken this quiz